Welcome to CU Library Online Public Access Catalogue (OPAC)

New research in corporate finance and banking / (Record no. 8840)

MARC details
000 -LEADER
fixed length control field 00987cam a22002774a 4500
001 - CONTROL NUMBER
control field 12559939
005 - DATE AND TIME OF LATEST TRANSACTION
control field 20260302151735.0
008 - FIXED-LENGTH DATA ELEMENTS--GENERAL INFORMATION
fixed length control field 011010s2002 enka b 001 0 eng
020 ## - INTERNATIONAL STANDARD BOOK NUMBER
International Standard Book Number 0199243239
020 ## - INTERNATIONAL STANDARD BOOK NUMBER
International Standard Book Number 0199243247
Qualifying information pbk.
020 ## - INTERNATIONAL STANDARD BOOK NUMBER
International Standard Book Number 9780199243235
020 ## - INTERNATIONAL STANDARD BOOK NUMBER
International Standard Book Number 9780199243242
Qualifying information (pbk.)
050 00 - LIBRARY OF CONGRESS CALL NUMBER
Classification number HG4028.F3
Item number N49 2002
082 00 - DEWEY DECIMAL CLASSIFICATION NUMBER
Classification number 658.15
Edition information 21
245 00 - TITLE STATEMENT
Title New research in corporate finance and banking /
Statement of responsibility, etc. edited by Bruno Biais and Marco Pagano.
260 ## - PUBLICATION, DISTRIBUTION, ETC.
Place of publication, distribution, etc. Oxford, England ;
-- New York :
Name of publisher, distributor, etc. Oxford University Press,
Date of publication, distribution, etc. 2002.
300 ## - PHYSICAL DESCRIPTION
Extent xvii, 358 p. :
Other physical details ill. ;
Dimensions 24 cm.
650 #0 - SUBJECT ADDED ENTRY--TOPICAL TERM
Topical term or geographic name entry element Corporations
General subdivision Finance.
650 #0 - SUBJECT ADDED ENTRY--TOPICAL TERM
Topical term or geographic name entry element Commercial credit.
650 #0 - SUBJECT ADDED ENTRY--TOPICAL TERM
Topical term or geographic name entry element Banks and banking.
700 1# - ADDED ENTRY--PERSONAL NAME
Personal name Biais, B.
Fuller form of name (Bruno)
700 1# - ADDED ENTRY--PERSONAL NAME
Personal name Pagano, Marco.
856 41 - ELECTRONIC LOCATION AND ACCESS
Materials specified Table of contents only
Uniform Resource Identifier <a href="http://www.loc.gov/catdir/enhancements/fy0611/2001054553-t.html">http://www.loc.gov/catdir/enhancements/fy0611/2001054553-t.html</a>
856 42 - ELECTRONIC LOCATION AND ACCESS
Materials specified Publisher description
Uniform Resource Identifier <a href="http://www.loc.gov/catdir/enhancements/fy0611/2001054553-d.html">http://www.loc.gov/catdir/enhancements/fy0611/2001054553-d.html</a>
942 ## - ADDED ENTRY ELEMENTS (KOHA)
Source of classification or shelving scheme Library of Congress Classification
Koha item type Books
Suppress in OPAC No
999 ## -
-- 8840
-- 8840
Holdings
Withdrawn status Lost status Source of classification or shelving scheme Damaged status Not for loan Collection Home library Current library Shelving location Date acquired Total checkouts Full call number Barcode Date last seen Copy number Price effective from Koha item type
    Library of Congress Classification     Non-fiction Graduate Library (Christ Temple) Graduate Library (Christ Temple) General stacks 03/02/2026   HG 4028.F3 COR GSCT00002959 03/02/2026 1 03/02/2026 Books
    Library of Congress Classification     Non-fiction Graduate Library (Christ Temple) Graduate Library (Christ Temple) General stacks 03/11/2026   HG4028.F3 COR GSCT00003143 03/11/2026 1 03/11/2026 Books
    Library of Congress Classification     Non-fiction Graduate Library (Christ Temple) Graduate Library (Christ Temple) General stacks 03/11/2026   HG4028.F3 COR GSCT00003144 03/11/2026 2 03/11/2026 Books
    Library of Congress Classification     Non-fiction Graduate Library (Christ Temple) Graduate Library (Christ Temple) General stacks 03/11/2026   HG4028.F3 COR GSCT00003145 03/11/2026 3 03/11/2026 Books
    Library of Congress Classification     Non-fiction Graduate Library (Christ Temple) Graduate Library (Christ Temple) General stacks 03/11/2026   HG4028.F3 COR GSCT00003146 03/11/2026 4 03/11/2026 Books
    Library of Congress Classification     Non-fiction Graduate Library (Christ Temple) Graduate Library (Christ Temple) General stacks 03/11/2026   HG4028.F3 COR GSCT00003147 03/11/2026 5 03/11/2026 Books
    Library of Congress Classification     Non-fiction Graduate Library (Christ Temple) Graduate Library (Christ Temple) General stacks 03/11/2026   HG4028.F3 COR GSCT00003148 03/11/2026 6 03/11/2026 Books
    Library of Congress Classification     Non-fiction Graduate Library (Christ Temple) Graduate Library (Christ Temple) General stacks 03/11/2026   HG4028.F3 COR GSCT00003149 03/11/2026 7 03/11/2026 Books
    Library of Congress Classification     Non-fiction Graduate Library (Christ Temple) Graduate Library (Christ Temple) General stacks 03/11/2026   HG4028.F3 COR GSCT00003150 03/11/2026 8 03/11/2026 Books
© 2023-2024 Copyright: Central University Libraries. All Rights Reserved | Created by: Mahone Tech Office